000 00785nam a2200253 a 4500
001 26476
003 CO-ViMGA
008 141112s2004 ck r 000 u spa d
020 _a9789587049268
040 _aCO-ViMGA
_bspa
_cCO-ViMGA
041 _aSPA
082 0 4 _aCo860.9 J67m
100 1 _aJosét, Jacques, 1943 -
_941317
245 1 0 _aLa muerte y la gramática :
_blos derroteros de Fernando Vallejo /
_cJacques Joset
250 _a1a ed.
260 _aBogotá :
_bTaurus,
_c2014
300 _a211 p.
490 _aPensamiento
500 _aIncluye bibliografía al final
650 1 4 _aLITERATURA COLOMBIANA - HISTORIA Y CRITICA
650 1 4 _aNOVELA COLOMBIANA - HISTORIA Y CRITICA
650 1 4 _aVALLEJO, FERNANDO - CRÍTICA E INTERPRETACIÓN
_941318
942 _2ddc
_cBK
999 _c2440
_d2440